000 00259nam a2200109Ia 4500
008 240625s9999 xx 000 0 und d
041 _aeng
082 _a658.4 KUM
100 _aKUMAR ANIL
245 _aCORPORATE GOVERNANCE THEORY AND PRACTICE
260 _c2012
999 _c38565
_d38565